[Event "Leamington Spa 4NCL op-B 28th"]
[Site "Leamington Spa"]
[Date "2022.07.10"]
[Round "4"]
[White "Jacob, Sydney J"]
[Black "Sun, Meng1111"]
[Result "1-0"]
[WhiteElo "1899"]
[BlackElo "1745"]
[PlyCount "77"]
[EventDate "2022.07.08"]
[EventType "swiss"]
[EventRounds "5"]
[EventCountry "ENG"]
[SourceTitle "CBM 209 Extra"]
[Source "ChessBase"]
[SourceDate "2022.09.30"]
[SourceVersion "1"]
[SourceVersionDate "2022.09.30"]
[SourceQuality "1"]

1. e4 c5 2. Nf3 d6 3. d4 cxd4 4. Nxd4 Nf6 5. Nc3 Nc6 6. Nb3 h6 7. Be2 e5 8. Be3 Be7 9. f3 0-0 10. Qd2 Be6 11. 0-0-0 a6 12. g4 Nh7 13. Kb1 b5 14. h4 f6 15. Nd5 Rc8 16. Rhg1 Bxd5 17. exd5 Nb8 18. Bd3 Rf7 19. Bg6 Qf8 20. Qd3 f5 21. Bxf7+ Qxf7 22. Qxf5 Qxf5 23. gxf5 Kf7 24. Nd2 Bxh4 25. Ne4 Be7 26. Rg6 Nf6 27. Rd3 Nbd7 28. Nd2 a5 29. b3 Bd8 30. c4 Bb6 31. Ne4 Nxe4 32. fxe4 bxc4 33. bxc4 Rxc4 34. Bxb6 Nxb6 35. Rdg3 Ke7 36. Rxg7+ Kd8 37. Rh7 Nd7 38. Rg8+ Kc7 39. Rgg7 1-0

[Event "London Classic op U1825 11th"]
[Site "London"]
[Date "2019.11.30"]
[Round "3"]
[White "Jacob, Sydney J"]
[Black "Caceres De la Calle, Eduardo"]
[Result "0-1"]
[WhiteElo "1813"]
[BlackElo "1623"]
[PlyCount "36"]
[EventDate "2019.11.29"]
[EventType "swiss"]
[EventRounds "5"]
[EventCountry "ENG"]
[SourceTitle "CBM 195 Extra"]
[Source "ChessBase"]
[SourceDate "2020.05.31"]
[SourceVersion "1"]
[SourceVersionDate "2020.05.31"]
[SourceQuality "1"]

1. e4 e5 2. Nf3 Nc6 3. Bb5 a6 4. Ba4 Nf6 5. 0-0 Be7 6. Bxc6 dxc6 7. Nc3 Bg4 8. h3 Bh5 9. g4 Bg6 10. Nxe5 Bxe4 11. g5 Qd4 12. gxf6 gxf6 13. Nf3 Rg8+ 14. Kh1 Qd7 15. Kh2 Bd6+ 16. Ne5 Bxe5+ 17. f4 Rg2+ 18. Kh1 Qxh3# 0-1

[Event "Stevenage 4NCL Easter op U2050"]
[Site "Stevenage"]
[Date "2019.04.21"]
[Round "4"]
[White "Jacob, Sydney J"]
[Black "Sandhu, Manvith"]
[Result "0-1"]
[WhiteElo "1820"]
[BlackElo "1564"]
[PlyCount "174"]
[EventDate "2019.04.19"]
[EventType "swiss"]
[EventRounds "7"]
[EventCountry "ENG"]
[SourceTitle "CBM 190 Extra"]
[Source "ChessBase"]
[SourceDate "2019.07.15"]
[SourceVersion "1"]
[SourceVersionDate "2019.07.15"]
[SourceQuality "1"]

1. e4 Nc6 2. Nf3 d6 3. Bc4 Nf6 4. Nc3 Bg4 5. h3 Bh5 6. g4 Bg6 7. d3 e6 8. Be3 a6 9. Qd2 d5 10. e5 Ng8 11. Bg5 f6 12. exf6 gxf6 13. Bb3 fxg5 14. Qxg5 Qxg5 15. Nxg5 Kd7 16. 0-0 h6 17. Nf3 Bd6 18. Rfe1 Re8 19. a3 Nge7 20. Ne2 Rhf8 21. Nh4 Bc5 22. Rf1 Bh7 23. Rad1 Ng6 24. Nxg6 Bxg6 25. c4 Kd6 26. Ba4 Rf3 27. b4 Ba7 28. c5+ Kd7 29. Nd4 Rxd3 30. Rxd3 Bxd3 31. Rd1 Bb5 32. Nxb5 axb5 33. Bxb5 Rf8 34. Kg2 b6 35. cxb6 cxb6 36. Rc1 Rc8 37. f4 Kd6 38. g5 hxg5 39. fxg5 Ne7 40. Rxc8 Nxc8 41. h4 Ke7 42. h5 Kf7 43. Bd3 Nd6 44. Kf3 Bb8 45. a4 e5 46. Bg6+ Kg7 47. a5 e4+ 48. Kf4 Nc4+ 49. Kf5 Kg8 50. h6 bxa5 51. bxa5 Nxa5 52. Ke6 Bf4 53. Kxd5 e3 54. h7+ Kg7 55. Bd3 Bxg5 56. Ke4 Kxh7 57. Kf3+ Kg7 58. Ba6 Kf6 59. Ke4 Nb3 60. Be2 Nc1 61. Ba6 e2 62. Bxe2 Nxe2 63. Kf3 Nd4+ 64. Kg2 Kf5 65. Kh1 Kf4 66. Kh2 Kf3 67. Kh1 Ne2 68. Kh2 Ng3 69. Kg1 Be3+ 70. Kh2 Bf2 71. Kh3 Bg1 72. Kh4 Ne4 73. Kh3 Ng5+ 74. Kh4 Kf4 75. Kh5 Kf5 76. Kh4 Bf2+ 77. Kh5 Be1 78. Kh6 Ne6 79. Kh5 Ng7+ 80. Kh6 Kf6 81. Kh7 Kf7 82. Kh6 Bd2+ 83. Kh7 Nf5 84. Kh8 Kg6 85. Kg8 Bb4 86. Kh8 Bc5 87. Kg8 Nh6+ 0-1

[Event "Nottingham 4NCL Major op"]
[Site "Nottingham"]
[Date "2018.09.29"]
[Round "2"]
[White "Jacob, Sydney J"]
[Black "Lohia, Sohum"]
[Result "1/2-1/2"]
[WhiteElo "1838"]
[BlackElo "1316"]
[PlyCount "57"]
[EventDate "2018.09.28"]
[EventType "swiss"]
[EventRounds "5"]
[EventCountry "ENG"]
[SourceTitle "CBM 187 Extra"]
[Source "ChessBase"]
[SourceDate "2018.11.04"]
[SourceVersion "1"]
[SourceVersionDate "2018.11.04"]
[SourceQuality "1"]

1. d4 d5 2. c4 e6 3. Nc3 Nf6 4. cxd5 exd5 5. Bg5 Nbd7 6. e3 c6 7. Bd3 Be7 8. Qc2 0-0 9. Nge2 Re8 10. h3 Nf8 11. Bf4 Ne6 12. Bh2 Bd6 13. Bxd6 Qxd6 14. 0-0-0 a5 15. e4 dxe4 16. Nxe4 Nxe4 17. Bxe4 h6 18. Rhe1 Ng5 19. Bd3 Qd5 20. h4 Ne6 21. f4 Nc7 22. Nc3 Qd8 23. Rxe8+ Qxe8 24. Qd2 Nd5 25. Re1 Qd8 26. Nxd5 cxd5 27. g3 Bd7 28. Kb1 Qf6 29. Re5 1/2-1/2

[Event "Harrogate 4NCL op-B 17th"]
[Site "Harrogate"]
[Date "2018.01.21"]
[Round "5"]
[White "Jacob, Sydney J"]
[Black "Bagley, Andy J"]
[Result "1/2-1/2"]
[WhiteElo "1815"]
[BlackElo "1907"]
[PlyCount "52"]
[EventDate "2018.01.19"]
[EventType "swiss"]
[EventRounds "5"]
[EventCountry "ENG"]
[SourceTitle "CBM 182 Extra"]
[Source "ChessBase"]
[SourceDate "2018.02.23"]
[SourceVersion "1"]
[SourceVersionDate "2018.02.23"]
[SourceQuality "1"]

1. d4 e6 2. e4 d5 3. e5 c5 4. c3 Qb6 5. Nf3 Nc6 6. Bd3 cxd4 7. cxd4 Bd7 8. 0-0 Nxd4 9. Nbd2 Nxf3+ 10. Nxf3 h6 11. Be3 Bc5 12. Bxc5 Qxc5 13. Qb3 Qb6 14. Qxb6 axb6 15. Nd4 Ne7 16. Rfc1 Bc6 17. Rc3 0-0 18. f4 Ra4 19. Ne2 Rfa8 20. Rb3 Rxa2 21. Rxa2 Rxa2 22. Rxb6 Ra4 23. g3 d4 24. Kf2 Nd5 25. Rb3 Rb4 26. Nc1 Ba4 1/2-1/2

[Event "London Classic op U2050 9th"]
[Site "London"]
[Date "2017.12.05"]
[Round "2"]
[White "Jacob, Sydney J"]
[Black "Ismailov, Roman"]
[Result "1/2-1/2"]
[WhiteElo "1829"]
[BlackElo "2008"]
[PlyCount "49"]
[EventDate "2017.12.04"]
[EventType "swiss"]
[EventRounds "5"]
[EventCountry "ENG"]
[SourceTitle "CBM 182 Extra"]
[Source "ChessBase"]
[SourceDate "2018.02.23"]
[SourceVersion "1"]
[SourceVersionDate "2018.02.23"]
[SourceQuality "1"]

1. d4 Nf6 2. c4 e6 3. Nc3 Bb4 4. Qc2 d5 5. cxd5 exd5 6. Bg5 h6 7. Bh4 0-0 8. e3 c5 9. dxc5 d4 10. 0-0-0 Bxc5 11. Bxf6 gxf6 12. exd4 Bd6 13. Bc4 Kg7 14. Nge2 Bg4 15. f3 Bh5 16. g4 Bg6 17. Bd3 Nc6 18. Bxg6 fxg6 19. h4 Nb4 20. Qb3 Rc8 21. Kb1 Re8 22. a3 Nc6 23. h5 Re3 24. Qc2 Qe8 25. Rh3 1/2-1/2

[Event "London Classic op 7th"]
[Site "London"]
[Date "2015.12.11"]
[Round "9"]
[White "Jacob, Sydney J"]
[Black "Praczukowski, Stanislaw"]
[Result "0-1"]
[WhiteElo "1884"]
[BlackElo "2038"]
[PlyCount "68"]
[EventDate "2015.12.04"]
[EventType "swiss"]
[EventRounds "9"]
[EventCountry "ENG"]
[SourceTitle "CBM 169 Extra"]
[Source "ChessBase"]
[SourceDate "2015.12.18"]
[SourceVersion "1"]
[SourceVersionDate "2015.12.18"]
[SourceQuality "1"]

1. c4 Nf6 2. g3 e5 3. Bg2 d5 4. cxd5 Nxd5 5. Nc3 Nb6 6. Nf3 Nc6 7. d3 Be7 8. 0-0 0-0 9. Be3 Re8 10. Ne4 Bf8 11. Bc5 f5 12. Bxb6 fxe4 13. Bxc7 Qxc7 14. Ng5 h6 15. Qb3+ Kh8 16. Nxe4 Nd4 17. Qd1 Bg4 18. f3 Be6 19. Qd2 Qb6 20. Kh1 Bb4 21. Nc3 Rac8 22. Qe3 Qa5 23. Rac1 Nf5 24. Qd2 Bc5 25. Ne4 Qxd2 26. Nxd2 Ne3 27. Rg1 Nxg2 28. Rxg2 Be3 29. Rd1 Rc2 30. Nf1 Bb6 31. e4 Rec8 32. b3 Bh3 33. Rgd2 Rxd2 34. Nxd2 Rc2 0-1